00649nam a2200217Ia 45000030006000000050017000060080041000230200018000640400009000820410012000910820020001031000029001232450027001522600035001793000008002145050027002226500042002499420007002919990017002989520116003150Nust20170105110247.0161124s9999 xx 000 0 und d a0-7619-5948-3 cIGIS aEnglish a910.285 21bFOT aA . Stewart Fotheringham aQuantitative Geography aLondonbSage Publicationc2000 a270 aQuantitative Geography aPerspectives on Spatial DATA Analysis cBK c30476d30476 001040708TextaIGISbIGISd0000-00-00eP: Pak Americanl0o910.285 21FOTpIGIS73r2017-01-05w0000-00-00yBK